Thiết kế và sử dụng phiếu học tập trong dạy học vật lí phần " Dòng điện không đổi" nhằm nâng cao tính tích cực nhận thức cho học sinh

Cơ sở lý luận và thực tiễn của việc thiết kế và sử dụng phiếu học tập trong dạy học vật lí. Thiết kế và sử dụng phiếu học tập trong dạy học vật lí phần dòng điện không đổi, vật lí nâng cao.

Αποθηκεύτηκε σε:
Λεπτομέρειες βιβλιογραφικής εγγραφής
Κύριος συγγραφέας: Lê Thị Dung
Άλλοι συγγραφείς: Nguyễn Bảo Hoàng Thanh PGS.TS (hướng dẫn)
Μορφή: Βιβλίο
Γλώσσα:Vietnamese
Έκδοση: Đà Nẵng Trường Đại học Sư phạm 2012
Θέματα:
Ετικέτες: Προσθήκη ετικέτας
Δεν υπάρχουν, Καταχωρήστε ετικέτα πρώτοι!
Thư viện lưu trữ: Mạng thư viện Đại học Đà Nẵng
LEADER 01825nam a2200349 4500
001 000017047
003 13458
005 20130227140228.0
008 130227s2012 viesd
041 |a vie 
082 1 4 |a 530.07  |b LÊ-D 
100 1 |a Lê Thị Dung 
245 0 0 |a Thiết kế và sử dụng phiếu học tập trong dạy học vật lí phần " Dòng điện không đổi" nhằm nâng cao tính tích cực nhận thức cho học sinh  |c Lê Thị Dung ; Nguyễn Bảo Hoàng Thanh hướng dẫn  |k Báo cáo khoa học 
260 |a Đà Nẵng  |b Trường Đại học Sư phạm  |c 2012 
300 |a 45 tr.  |b a.minh họa  |c 29 cm. 
500 |a Công trình tham gia hội nghị sinh viên nghiên cứu khoa học Trường Đại học Sư phạm năm 2012. Khoa Vật Lý 
520 |a Cơ sở lý luận và thực tiễn của việc thiết kế và sử dụng phiếu học tập trong dạy học vật lí. Thiết kế và sử dụng phiếu học tập trong dạy học vật lí phần dòng điện không đổi, vật lí nâng cao. 
650 0 4 |a dạy học vật lí  |v Báo cáo khoa học  |x dòng điện không đổi  |z Đà Nẵng 
653 |a Nghiên cứu khoa học 
653 |a dạy học vật lí 
700 1 |a Nguyễn Bảo Hoàng Thanh  |c PGS.TS  |e hướng dẫn 
OWN |a LSP 
AVA |a UDN50  |b LSP  |d 530.07 LÊ-D  |e available  |t Error 5001 Not defined in file expand_doc_bib_avail.  |f 1  |g 0  |h N  |i 0  |k 1 
999 |a From the UDN01 
AVA |a UDN50  |b LSP  |d 530.07 LÊ-D  |e available  |t Error 5001 Not defined in file expand_doc_bib_avail.  |f 1  |g 0  |h N  |i 0  |k 1 
TYP |a Mixed Materials 
TYP |a Monograph 
TYP |a Printed language 
980 |a Mạng thư viện Đại học Đà Nẵng